Tomb of Kha-em-hat of the eighteenth dynasty in Western Thebes (TT 57) /

This volume presents a study of the tomb of Kha-em-hat TT 57 at Qurna, West Luxor, which dates back to the 18th Dynasty - the reign of King Amenhotep III. It is considered one of the most important Egyptian tomb discoveries, containing rare scenes and revealing development of the religious rituals o...

وصف كامل

محفوظ في:

المؤلف الرئيسي: Hussein Ali Attia, Amani (مؤلف)

التنسيق: كتاب الكتروني

اللغة: English

منشور في: Oxford : Archaeopress Publishing Ltd, 2022.

سلاسل: Archaeopress Egyptology ; 35.

الموضوعات:

الوصول للمادة أونلاين: Login to view Source

الوسوم: إضافة وسم

لا توجد وسوم, كن أول من يضع وسما على هذه التسجيلة!

رقم الطلب: DT62.T6

LEADER 01931nam a2200409 i 4500
001 EDZ0002794208
003 StDuBDS
005 20230412182905.0
006 m|||||o||d||||||||
007 cr |||||||||||
008 220523s2022 enka fob 000|0|eng|d
020 |a 9781789697025 (PDF ebook) :  |c No price 
040 |a StDuBDS  |b eng  |c StDuBDS  |e rda  |e pn 
050 4 |a DT62.T6 
082 0 4 |a 932  |2 23 
100 1 |a Hussein Ali Attia, Amani,  |e author. 
245 1 0 |a Tomb of Kha-em-hat of the eighteenth dynasty in Western Thebes (TT 57) /  |c Amani Hussein Ali Attia. 
264 1 |a Oxford :  |b Archaeopress Publishing Ltd,  |c 2022. 
300 |a 1 online resource (364 pages) :  |b illustrations (black and white, and colour). 
336 |a text  |2 rdacontent 
336 |a still image  |2 rdacontent 
337 |a computer  |2 rdamedia 
338 |a online resource  |2 rdacarrier 
490 1 |a Archaeopress Egyptology ;  |v 35 
500 |a Also issued in print: 2022. 
504 |a Includes bibliographical references. 
520 8 |a This volume presents a study of the tomb of Kha-em-hat TT 57 at Qurna, West Luxor, which dates back to the 18th Dynasty - the reign of King Amenhotep III. It is considered one of the most important Egyptian tomb discoveries, containing rare scenes and revealing development of the religious rituals of the time. 
521 |a Specialized. 
588 |a Description based on online resource; title from PDF title page (viewed on June 8, 2022). 
650 0 |a Tombs  |z Egypt  |z Thebes (Extinct city) 
650 0 |a Excavations (Archaeology)  |z Egypt  |z Thebes (Extinct city) 
776 0 8 |i Print version :  |z 9781789697018 
830 0 |a Archaeopress Egyptology ;  |v 35. 
856 4 0 |3 Archaeopress  |u http://library.arce.org:8087/Archaeopress/Products/9781789697018 
942 |2 lcc  |c EBOOK 
952 |0 0  |1 0  |4 0  |6 DT0062 T6  |7 1  |9 46734  |a ARCH  |b ARCH  |d 2023-04-12  |l 0  |o DT62.T6  |r 2023-04-12 00:00:00  |w 2023-04-12  |y EBOOK 
999 |c 52392  |d 52392